Queen. Top 15 most streamed songs - Statistics

General Stats
  • This quiz has been taken 92 times
  • The average score is 10 of 15
Answer Stats
Answer % Correct
Bohemian Rhapsody
99%
We Are The Champions
87%
We Will Rock You
87%
Don't Stop Me Now
82%
Killer Queen
79%
Another One Bites The Dust
77%
Radio Ga Ga
76%
Under Pressure
75%
I Want To Break Free
66%
The Show Must Go on
56%
Somebody To Love
55%
Crazy Little Thing Called Love
46%
Love Of My Life
46%
Thank God It's Christmas
13%
Face It Alone
6%
No matching quizzes found
Score Distribution
Percent of People with Each Score
Percentile by Number Answered
Your Score History
You have not taken this quiz